000 00347nam a2200133Ia 4500
008 240624s9999 xx 000 0 und d
041 _aeng
082 _a339.5 CHA
100 _aCHAKRABORTY LEKHA S
245 _aFISCAL CONSOLIDATION BUDGET DEFICITS AND
260 _c2016
_aNew Delhi
_bSage
300 _axviii, 197 p.; 23 cm.
365 _cRS
_b32
999 _c29915
_d29915